000
00320nam a2200133Ia 4500
100
_a
National Productivity Council
942
_c
BK
654
_a
automobile
245
_a
Automobile Truck Leaf Springs & Mufflers
260
_b
National Productivity Council
_c
2001
082
_a
658
300
_a
56
546
_a
ENGLISH
999
_c
33971
_d
33971